000
00286nam a22001337a 4500
008
170524b xxu||||| |||| 00| 0 eng d
020
_a
070665516
041
_a
eng
080
_a
621.3
100
_a
26
101
_a
IM
245
_a
ELECTRONIC CIRCUIT
_c
BELONE, SCH
942
_2
udc
_c
BK
999
_c
14148
_d
14148